The image trap : (Record no. 432)
[ view plain ]
| 000 -LEADER | |
|---|---|
| fixed length control field | 00802pam a2200253 a 4500 |
| 001 - CONTROL NUMBER | |
| control field | 3906526 |
| 005 - DATE AND TIME OF LATEST TRANSACTION | |
| control field | 20240220012943.0 |
| 008 - FIXED-LENGTH DATA ELEMENTS--GENERAL INFORMATION | |
| fixed length control field | 910820s1992 ii ab b 001 0 eng |
| 020 ## - INTERNATIONAL STANDARD BOOK NUMBER | |
| ISBN | 8170362571 (India : hb) |
| 020 ## - INTERNATIONAL STANDARD BOOK NUMBER | |
| ISBN | 817036258X (India : pb) |
| 020 ## - INTERNATIONAL STANDARD BOOK NUMBER | |
| ISBN | 0803994036 (US : hb) |
| 020 ## - INTERNATIONAL STANDARD BOOK NUMBER | |
| ISBN | 0803994044 (US : pb) |
| 040 ## - CATALOGING SOURCE (பட்டியலாக்க மூலம்) | |
| Original cataloging agency | DLC |
| Transcribing agency | DLC |
| Modifying agency | DLC |
| 082 00 - DDC Classification | |
| Class No. | 320.954. |
| DDC Edition Number | 20 |
| Item Number - Author Mark | THE. |
| 100 1# - MAIN ENTRY--PERSONAL NAME | |
| Personal name | Pandian, M. S. S. |
| 245 14 - TITLE STATEMENT | |
| Title | The image trap : |
| Remainder of title | M.G. Ramachandran in film and politics / |
| Statement of responsibility, etc. | M.S.S. Pandian. |
| 250 ## - EDITION STATEMENT | |
| Edition statement | 1st. |
| 260 ## - PUBLICATION, DISTRIBUTION, ETC. | |
| Place of publication, distribution, etc. | New Delhi ; |
| -- | Newbury Park : |
| Name of publisher, distributor, etc. | Sage, |
| Date of publication, distribution, etc. | 1992. |
| 300 ## - PHYSICAL DESCRIPTION | |
| Extent (e.g. Volumes, Pages etc.) | 166 p. : |
| 650 ## - SUBJECT ADDED ENTRY--TOPICAL TERM | |
| Topical term or geographic name entry element | Politics. |
| 856 42 - ELECTRONIC LOCATION AND ACCESS | |
| Uniform Resource Identifier | <a href="http://www.loc.gov/catdir/enhancements/fy0657/91030310-d.html">http://www.loc.gov/catdir/enhancements/fy0657/91030310-d.html</a> |
| 856 41 - ELECTRONIC LOCATION AND ACCESS | |
| Uniform Resource Identifier | <a href="http://www.loc.gov/catdir/enhancements/fy0657/91030310-t.html">http://www.loc.gov/catdir/enhancements/fy0657/91030310-t.html</a> |
| 942 ## - Koha item type (Biblio) | |
| Koha item type | Books in Stacks (Lending) |
| Lost status | Damaged status | Collection code | Home library | Current library | Date acquired | Full call number | Accession Number | Item type |
|---|---|---|---|---|---|---|---|---|
| Lending | WERC Library | WERC Library | 02/20/2024 | 320.954. THE. | 2241 | Books in Stacks (Lending) |
